World Flags Bunker Quiz Stats

 Plays Quiz Updated Jun 11, 2018

Challenge
Share
Tweet
Embed
Score 0/15 Timer 06:00
1 Play Today
Question Answer % Correct
????
100%
????
91.8%
????
78.6%
????
72.9%
????
68.2%
????
53.6%
????
39.3%
????
39%
Question Answer % Correct
????
34.8%
????
28.6%
????
24.1%
????
14.8%
????
14%
????
11.4%
????
6%

You're not logged in!

Compare scores with friends on all Sporcle quizzes.
OR
Log In

You Might Also Like...

Show Comments

Extras

Top Quizzes Today


Score Distribution

Your Account Isn't Verified!

In order to create a playlist on Sporcle, you need to verify the email address you used during registration. Go to your Sporcle Settings to finish the process.

Report this User

Report this user for behavior that violates our Community Guidelines.

Details: